|
|
|
|
| LEADER |
00000nam0a2200000 4500 |
| 001 |
37105 |
| 005 |
20231031003505.0 |
| 010 |
|
|
|a 0521789087
|
| 035 |
|
|
|a (RuTPU)RU\TPU\book\37663
|
| 090 |
|
|
|a 37105
|
| 100 |
|
|
|a 20011224d2000 m y0engy50 ba
|
| 101 |
0 |
|
|a eng
|
| 102 |
|
|
|a uk
|
| 105 |
|
|
|a a z 001zy
|
| 200 |
1 |
|
|a Evolution and the human mind. Modularity, language and meta-cognition
|f Edited. P. Carruthers, A. Chamberlain
|
| 210 |
|
|
|a Cambridge
|c Cambridge University Press
|d 2000
|
| 215 |
|
|
|a 331 p.
|c il.
|
| 320 |
|
|
|a References: p. 299-321.
|
| 320 |
|
|
|a Author index: p. 322-327.
|
| 320 |
|
|
|a Subject index: p. 328-331.
|
| 610 |
1 |
|
|a психология
|
| 610 |
1 |
|
|a эволюция
|
| 610 |
1 |
|
|a память
|
| 610 |
1 |
|
|a языки
|
| 610 |
1 |
|
|a запоминание
|
| 610 |
1 |
|
|a познание
|
| 610 |
1 |
|
|a английский язык
|
| 686 |
|
|
|a Ю935.12
|v LBC/SL-A
|2 rubbk
|
| 702 |
|
1 |
|a Carruthers
|b P.
|g Peter
|4 340
|
| 702 |
|
1 |
|a Chamberlain
|b A.
|g Andrew
|4 340
|
| 801 |
|
1 |
|a RU
|b 63413507
|c 20011224
|g PSBO
|
| 801 |
|
2 |
|a RU
|b 63413507
|c 20101116
|g PSBO
|
| 942 |
|
|
|c BK
|